[Event "FICGS class A 000232 email"]
[Site "FICGS email"]
[Date "2020.06.27"]
[Round "1"]
[White "Slawomir, Weglicki"]
[Black "Spagnoli, Vincenzo"]
[Result "1/2-1/2"]
[WhiteElo "2151"]
[BlackElo "2000"]
[PlyCount "118"]
[EventDate "2020.??.??"]
[EventType "tourn (corr)"]
[EventRounds "6"]
[SourceTitle "Corr 2022"]
[Source "ChessBase"]
[SourceDate "2021.10.24"]
[SourceVersion "1"]
[SourceVersionDate "2021.10.24"]
[SourceQuality "1"]

1. e4 c5 2. f4 e6 3. Nf3 d5 4. exd5 exd5 5. Bb5+ Bd7 6. Qe2+ Qe7 7. Nc3 Qxe2+ 8. Kxe2 d4 9. Bxd7+ Nxd7 10. Nb5 Kd8 11. a4 f6 12. d3 a6 13. Na3 Nb6 14. a5 Nd5 15. Bd2 Nh6 16. Rhe1 Kd7 17. Nc4 Re8+ 18. Kf2 Rxe1 19. Rxe1 Be7 20. c3 dxc3 21. bxc3 Rb8 22. Nb2 Bd6 23. g3 Nf5 24. c4 Nb4 25. Bxb4 cxb4 26. Na4 Re8 27. Rb1 Bc7 28. Rxb4 Kc6 29. g4 Bxa5 30. Rb2 Nd6 31. f5 g6 32. Nd4+ Kc7 33. c5 Nb5 34. Nxb5+ axb5 35. Rxb5 Be1+ 36. Kf3 Bd2 37. fxg6 hxg6 38. Nb2 Re3+ 39. Kf2 Re7 40. Nc4 Be1+ 41. Kf3 Kc6 42. Nd6 Bc3 43. Nc8 Kxb5 44. Nxe7 Kxc5 45. Nxg6 b5 46. Ke2 b4 47. Kd1 b3 48. h4 Bb2 49. Ne7 Kd4 50. Kd2 Bc3+ 51. Kc1 f5 52. Nxf5+ Kxd3 53. Nd6 Ke3 54. g5 Kf4 55. g6 Kg4 56. Ne8 Kxh4 57. g7 Bxg7 58. Nxg7 b2+ 59. Kxb2 Kg5 1/2-1/2

[Event "FICGS rapid B 000346 email"]
[Site "FICGS email"]
[Date "2020.06.14"]
[Round "1"]
[White "Spagnoli, Vincenzo"]
[Black "Pelzer, Willi"]
[Result "1-0"]
[WhiteElo "2000"]
[BlackElo "1700"]
[PlyCount "63"]
[EventDate "2020.??.??"]
[EventType "tourn (rapid)"]
[EventRounds "6"]
[SourceTitle "Corr 2022"]
[Source "ChessBase"]
[SourceDate "2021.10.24"]
[SourceVersion "1"]
[SourceVersionDate "2021.10.24"]
[SourceQuality "1"]

1. d4 d5 2. Nf3 Nf6 3. e3 Bf5 4. c4 e6 5. Nc3 Be7 6. Nh4 Ne4 7. Nxf5 exf5 8. Nxd5 c6 9. Nxe7 Qxe7 10. Bd3 Qb4+ 11. Ke2 Nd7 12. Qb3 Qxb3 13. axb3 g6 14. g4 Ndf6 15. gxf5 gxf5 16. Ra5 Nd6 17. Re5+ Kd7 18. c5 Ng4 19. cxd6 Nxe5 20. dxe5 Ke6 21. f4 b5 22. Rd1 Rhg8 23. Kf3 Rg7 24. e4 fxe4+ 25. Bxe4 Kd7 26. Be3 a5 27. Bf5+ Kd8 28. Bb6+ Ke8 29. d7+ Ke7 30. d8Q+ Rxd8 31. Bxd8+ Ke8 32. Bf6 1-0

[Event "FICGS class A 000231 email"]
[Site "FICGS email"]
[Date "2020.06.10"]
[Round "1"]
[White "Koudelka, Artur"]
[Black "Spagnoli, Vincenzo"]
[Result "1/2-1/2"]
[WhiteElo "2000"]
[BlackElo "2000"]
[PlyCount "66"]
[EventDate "2020.??.??"]
[EventType "tourn (corr)"]
[EventRounds "6"]
[SourceTitle "Corr 2022"]
[Source "ChessBase"]
[SourceDate "2021.10.24"]
[SourceVersion "1"]
[SourceVersionDate "2021.10.24"]
[SourceQuality "1"]

1. e4 Nf6 2. e5 Nd5 3. d4 d6 4. c4 Nb6 5. f4 dxe5 6. fxe5 Nc6 7. Be3 Bf5 8. Nc3 e6 9. Nf3 Be7 10. Be2 0-0 11. 0-0 f6 12. exf6 Bxf6 13. Qd2 h6 14. Bf2 Qe8 15. Rad1 Rd8 16. Qe3 Bg4 17. Ne4 Bxf3 18. Nxf6+ Rxf6 19. gxf3 Ne7 20. Kh1 Nbc8 21. Qb3 Nd6 22. Bh4 Rf7 23. Bd3 Ndf5 24. Bxf5 Rxf5 25. Qxb7 Rf4 26. Bf2 Rd7 27. Bg3 c6 28. Qa6 Rfxd4 29. Rxd4 Rxd4 30. Qxa7 Rxc4 31. Be5 Qd8 32. Qg1 Nf5 33. Rd1 Qe7 1/2-1/2

[Event "SEMI The Climb UCO grob/2/3 email"]
[Site "SEMI email"]
[Date "2005.11.30"]
[Round "?"]
[White "Spagnoli, Vincenzo"]
[Black "Migliorini, Roberto"]
[Result "1-0"]
[WhiteElo "1800"]
[BlackElo "2020"]
[PlyCount "59"]
[EventDate "2005.??.??"]
[EventType "tourn (corr)"]
[EventRounds "9"]
[EventCountry "ITA"]
[SourceTitle "Corr 2008"]
[Source "ChessBase"]
[SourceDate "2008.06.24"]
[SourceVersion "1"]
[SourceVersionDate "2008.06.24"]
[SourceQuality "1"]

1. g4 d5 2. Bg2 e5 3. h3 c6 4. d3 Bd6 5. Nc3 Ne7 6. e4 d4 7. Nce2 Ng6 8. Nf3 0-0 9. 0-0 c5 10. Ng3 Bc7 11. c3 Nc6 12. Nf5 b6 13. Qc2 Bb7 14. Rd1 Qd7 15. h4 a5 16. a4 Nge7 17. Qb3 Rad8 18. Bh3 h6 19. c4 Kh7 20. Kh2 Qd6 21. Rg1 Nb4 22. Bd2 Rg8 23. Rg3 Rde8 24. Rag1 Bd8 25. Bf1 Kh8 26. Ng5 hxg5 27. hxg5 g6 28. Rh1 f6 29. gxf6 Qxf6 30. Kg1+ 1-0

[Event "SEMI The Climb UCO nor/1/2 email"]
[Site "SEMI email"]
[Date "2005.05.02"]
[Round "?"]
[White "Koteski, Ljube"]
[Black "Spagnoli, Vincenzo"]
[Result "0-1"]
[WhiteElo "2050"]
[BlackElo "1800"]
[PlyCount "48"]
[EventDate "2005.05.02"]
[EventType "tourn (corr)"]
[EventRounds "9"]
[EventCountry "ITA"]
[SourceTitle "Corr 2008"]
[Source "ChessBase"]
[SourceDate "2008.06.24"]
[SourceVersion "1"]
[SourceVersionDate "2008.06.24"]
[SourceQuality "1"]

1. e4 g6 2. d4 Nf6 3. e5 Nh5 4. Be2 d6 5. Bxh5 gxh5 6. Qxh5 dxe5 7. Qxe5 Rg8 8. Ne2 Nd7 9. Qd5 c6 10. Qf3 Nf6 11. h3 Qd5 12. Qxd5 Nxd5 13. g4 Bg7 14. c3 b6 15. Bd2 Ba6 16. Na3 0-0-0 17. c4 Nc7 18. Be3 e5 19. 0-0-0 Nd5 20. dxe5 Bxe5 21. Bd2 Rge8 22. Rhe1 Bd6 23. Nd4 Rxe1 24. Bxe1 Ne7 0-1

[Event "SEMI A053 email"]
[Site "SEMI email"]
[Date "2005.04.10"]
[Round "?"]
[White "Rago, Riccardo"]
[Black "Spagnoli, Vincenzo"]
[Result "0-1"]
[WhiteElo "2100"]
[BlackElo "1800"]
[PlyCount "42"]
[EventDate "2005.04.10"]
[EventType "tourn (corr)"]
[EventRounds "6"]
[EventCountry "ITA"]
[SourceTitle "Corr 2008"]
[Source "ChessBase"]
[SourceDate "2008.06.24"]
[SourceVersion "1"]
[SourceVersionDate "2008.06.24"]
[SourceQuality "1"]

1. e4 e5 2. Nf3 Nc6 3. Bb5 a6 4. Ba4 Nf6 5. 0-0 Be7 6. Re1 b5 7. Bb3 d6 8. c3 0-0 9. h3 Na5 10. Bc2 c5 11. a4 Be6 12. d4 Qc7 13. d5 Bd7 14. Nbd2 c4 15. Nf1 Nb7 16. Ng3 Nc5 17. axb5 axb5 18. Rxa8 Rxa8 19. Be3 Na4 20. Qc1 Qb7 21. Nd2 Bd8 0-1

[Event "SEMI A053 email"]
[Site "SEMI email"]
[Date "2005.04.10"]
[Round "?"]
[White "Zaniratti, Ivano"]
[Black "Spagnoli, Vincenzo"]
[Result "1/2-1/2"]
[WhiteElo "2097"]
[BlackElo "1800"]
[PlyCount "139"]
[EventDate "2005.04.10"]
[EventType "tourn (corr)"]
[EventRounds "6"]
[EventCountry "ITA"]
[SourceTitle "Corr 2008"]
[Source "ChessBase"]
[SourceDate "2008.06.24"]
[SourceVersion "1"]
[SourceVersionDate "2008.06.24"]
[SourceQuality "1"]

1. e4 c5 2. Ne2 d6 3. d4 cxd4 4. Nxd4 Nf6 5. Nc3 a6 6. Be2 e6 7. 0-0 Be7 8. f4 0-0 9. a4 Qc7 10. Kh1 Nc6 11. Be3 Re8 12. Bf3 Bd7 13. Nb3 b6 14. Qd2 Rab8 15. g4 Bc8 16. g5 Nd7 17. Bg2 Na5 18. Qf2 Nc4 19. f5 Bb7 20. Bc1 Nce5 21. Rd1 Rbc8 22. Nd4 Qc4 23. Qg3 Bf8 24. g6 hxg6 25. fxe6 fxe6 26. Bf1 Qb4 27. Bg2 Nf6 28. Ra3 Qc5 29. Nde2 d5 30. exd5 Neg4 31. Rd4 exd5 32. h3 Bd6 33. Qh4 Rxe2 34. Nxe2 Qxc2 35. Rc3 Qxe2 36. Rxc8+ Bxc8 37. hxg4 g5 38. Bxg5 Ne4 39. Rd2 Qc4 40. Qe1 Bg3 41. Qe3 Qc1+ 42. Qg1 Qxg1+ 43. Kxg1 Nxg5 44. Rxd5 Nf7 45. g5 g6 46. a5 Bc7 47. b4 Be6 48. Rd2 bxa5 49. Rc2 Bd8 50. Rc6 Nxg5 51. bxa5 Bxa5 52. Rxa6 Bc3 53. Be4 Kf7 54. Bb1 Kg7 55. Kf2 Bd4+ 56. Kg2 Kh6 57. Kg3 Be5+ 58. Kf2 Nh3+ 59. Kf3 Nf4 60. Ra5 Bc7 61. Ra7 Bb8 62. Ra5 g5 63. Rb5 g4+ 64. Kg3 Bc7 65. Bf5 Nd5+ 66. Kh4 Bxf5 67. Rxd5 Kg6 68. Rd6+ Kf7 69. Ra6 Bd8+ 70. Kg3 1/2-1/2

[Event "SEMI A050 email"]
[Site "SEMI email"]
[Date "2004.10.01"]
[Round "?"]
[White "Pech, Jaroslav Sr"]
[Black "Spagnoli, Vincenzo"]
[Result "1-0"]
[WhiteElo "2085"]
[BlackElo "1800"]
[PlyCount "41"]
[EventDate "2004.10.01"]
[EventType "tourn (corr)"]
[EventRounds "6"]
[EventCountry "ITA"]
[SourceTitle "Corr 2008"]
[Source "ChessBase"]
[SourceDate "2008.06.24"]
[SourceVersion "1"]
[SourceVersionDate "2008.06.24"]
[SourceQuality "1"]

1. e4 c5 2. Nf3 d6 3. d4 cxd4 4. Nxd4 Nf6 5. Nc3 a6 6. f4 Nbd7 7. Be2 g6 8. 0-0 Bg7 9. Be3 0-0 10. a4 Qc7 11. Kh1 Nc5 12. Bf3 Re8 13. a5 e5 14. fxe5 dxe5 15. Nde2 Be6 16. Qe1 Rac8 17. Qh4 Qd8 18. Ng1 Bc4 19. Rfd1 Qc7 20. Bg5 Ne6 21. Bxf6 1-0

[Event "SEMI A050 email"]
[Site "SEMI email"]
[Date "2004.10.01"]
[Round "?"]
[White "Perez, Giorgio"]
[Black "Spagnoli, Vincenzo"]
[Result "0-1"]
[WhiteElo "2000"]
[BlackElo "1800"]
[PlyCount "58"]
[EventDate "2004.10.01"]
[EventType "tourn (corr)"]
[EventRounds "6"]
[EventCountry "ITA"]
[SourceTitle "Corr 2008"]
[Source "ChessBase"]
[SourceDate "2008.06.24"]
[SourceVersion "1"]
[SourceVersionDate "2008.06.24"]
[SourceQuality "1"]

1. e4 e5 2. f4 exf4 3. Bc4 Nf6 4. Nc3 c6 5. Bb3 d5 6. exd5 cxd5 7. d4 Bd6 8. Nge2 f3 9. gxf3 Be6 10. Nb5 Be7 11. Bf4 Na6 12. c3 0-0 13. Qd3 Nh5 14. Rg1 Qd7 15. Bc2 g6 16. Be5 Rfc8 17. Rd1 Ng7 18. Ng3 Bh4 19. Kd2 f6 20. Bd6 Rc4 21. b3 Rc6 22. Bf4 Nb4 23. Qe2 Nxa2 24. Bb1 a6 25. Bxa2 axb5 26. Bb1 b4 27. cxb4 Bxg3 28. hxg3 Bf5 29. Bxf5 Ra2+ 0-1

[Event "SEMI A050 email"]
[Site "SEMI email"]
[Date "2004.10.01"]
[Round "?"]
[White "Spagnoli, Vincenzo"]
[Black "Giorgetti, Fosco"]
[Result "1/2-1/2"]
[WhiteElo "1800"]
[BlackElo "2043"]
[PlyCount "41"]
[EventDate "2004.10.01"]
[EventType "tourn (corr)"]
[EventRounds "6"]
[EventCountry "ITA"]
[SourceTitle "Corr 2008"]
[Source "ChessBase"]
[SourceDate "2008.06.24"]
[SourceVersion "1"]
[SourceVersionDate "2008.06.24"]
[SourceQuality "1"]

1. d4 c6 2. c4 d5 3. Nf3 Nf6 4. Nc3 a6 5. c5 Bf5 6. Bf4 Nbd7 7. e3 b5 8. Be2 e6 9. 0-0 Be7 10. a3 0-0 11. Nh4 Ne4 12. Nxf5 exf5 13. Bd3 Nxc3 14. bxc3 g6 15. a4 Re8 16. Qf3 Nf6 17. Ra3 Ne4 18. Rfa1 Rc8 19. h3 Bh4 20. axb5 axb5 21. Bxe4 1/2-1/2

[Event "SEMI The Climb UCO grob/1/4 email"]
[Site "SEMI email"]
[Date "2004.08.20"]
[Round "?"]
[White "Spagnoli, Vincenzo"]
[Black "Volpi, Davide"]
[Result "1/2-1/2"]
[WhiteElo "1800"]
[BlackElo "2069"]
[PlyCount "41"]
[EventDate "2004.??.??"]
[EventType "tourn (corr)"]
[EventRounds "9"]
[EventCountry "ITA"]
[SourceTitle "Corr 2008"]
[Source "ChessBase"]
[SourceDate "2008.06.24"]
[SourceVersion "1"]
[SourceVersionDate "2008.06.24"]
[SourceQuality "1"]

1. g4 d5 2. Bg2 Bxg4 3. c4 e6 4. Qb3 Nf6 5. cxd5 exd5 6. Nc3 Nc6 7. Nxd5 Nxd5 8. Qxd5 Qxd5 9. Bxd5 Bd7 10. Nf3 f6 11. d4 0-0-0 12. a3 Ne7 13. Be4 f5 14. Bd3 Bc6 15. Bg5 Bxf3 16. exf3 Rd6 17. Bxe7 Bxe7 18. Bxf5+ Kb8 19. 0-0-0 g6 20. Be4 c6 21. Rd3 1/2-1/2

[Event "SEMI A048 email"]
[Site "SEMI email"]
[Date "2004.05.28"]
[Round "?"]
[White "Spagnoli, Vincenzo"]
[Black "Volpi, Davide"]
[Result "1/2-1/2"]
[WhiteElo "1800"]
[BlackElo "2069"]
[PlyCount "86"]
[EventDate "2004.05.28"]
[EventType "tourn (corr)"]
[EventRounds "6"]
[EventCountry "ITA"]
[SourceTitle "Corr 2008"]
[Source "ChessBase"]
[SourceDate "2008.06.24"]
[SourceVersion "1"]
[SourceVersionDate "2008.06.24"]
[SourceQuality "1"]

1. d4 Nf6 2. c4 c5 3. d5 e6 4. Nc3 exd5 5. cxd5 d6 6. e4 g6 7. Nf3 Bg7 8. h3 0-0 9. Bd3 b5 10. Bxb5 Nxe4 11. Nxe4 Qa5+ 12. Nfd2 Qxb5 13. Nxd6 Qa6 14. N2c4 Nd7 15. 0-0 Nb6 16. Nxb6 Qxb6 17. Nxc8 Raxc8 18. Rb1 Rfd8 19. Bf4 Qb7 20. d6 Bf8 21. Qd3 Bxd6 22. Bxd6 Rc6 23. Rfd1 Qd7 24. Qa3 Rxd6 25. Rxd6 Qxd6 26. Qxa7 Re8 27. Qa5 Qd4 28. Qc3 Qxc3 29. bxc3 Ra8 30. Ra1 Ra4 31. a3 Kf8 32. Kf1 Ke7 33. Ke2 Kd6 34. Kd3 Kd5 35. Kc2 Kc4 36. f4 h5 37. h4 Kd5 38. g3 Kc4 39. Ra2 Kb5 40. Kd3 f5 41. Ra1 Kc6 42. Kc2 c4 43. Kd2 Kd6 1/2-1/2

[Event "SEMI The Climb UCO grob/0/10 email"]
[Site "SEMI email"]
[Date "2004.05.20"]
[Round "?"]
[White "Secondi, Alberto"]
[Black "Spagnoli, Vincenzo"]
[Result "0-1"]
[WhiteElo "1800"]
[BlackElo "1800"]
[PlyCount "26"]
[EventDate "2004.??.??"]
[EventType "tourn (corr)"]
[EventRounds "9"]
[EventCountry "ITA"]
[SourceTitle "Corr 2008"]
[Source "ChessBase"]
[SourceDate "2008.06.24"]
[SourceVersion "1"]
[SourceVersionDate "2008.06.24"]
[SourceQuality "1"]

1. g4 d5 2. e3 e5 3. d4 exd4 4. exd4 Qe7+ 5. Qe2 Bxg4 6. Qxe7+ Nxe7 7. Be2 Bxe2 8. Nxe2 Nd7 9. Bf4 0-0-0 10. Nd2 Re8 11. 0-0-0 Ng6 12. Be5 f6 13. Bf4 Rxe2 0-1

[Event "SEMI B041 email"]
[Site "SEMI email"]
[Date "2004.03.01"]
[Round "?"]
[White "Spagnoli, Vincenzo"]
[Black "Crescenzio, Mirko"]
[Result "1-0"]
[WhiteElo "1700"]
[BlackElo "1000"]
[PlyCount "59"]
[EventDate "2004.03.01"]
[EventType "tourn (corr)"]
[EventRounds "6"]
[EventCountry "ITA"]
[SourceTitle "Corr 2008"]
[Source "ChessBase"]
[SourceDate "2008.06.24"]
[SourceVersion "1"]
[SourceVersionDate "2008.06.24"]
[SourceQuality "1"]

1. d4 d5 2. c4 dxc4 3. e4 e5 4. Nf3 exd4 5. Bxc4 Nc6 6. 0-0 Be6 7. Bxe6 fxe6 8. Qb3 Qc8 9. Bf4 Nf6 10. Rd1 Bc5 11. Ng5 Nd8 12. Be5 Qd7 13. Nc3 Ng4 14. Na4 b6 15. Nxc5 bxc5 16. Qg3 Nxe5 17. Qxe5 h6 18. Nf3 Qd6 19. Rac1 Qxe5 20. Nxe5 Nb7 21. b4 0-0 22. bxc5 Rad8 23. c6 Nd6 24. Rxd4 Nxe4 25. Rxe4 Rd2 26. f3 Rfd8 27. a4 g5 28. Nd7 Rd6 29. a5 Kf7 30. Rb4 1-0